La donación Manuel Hernández : (Registro nro. 15422)

Detalles MARC
000 -LEADER
fixed length control field 01202nam a22002537a 4500
003 - CONTROL NUMBER IDENTIFIER
control field OSt
005 - DATE AND TIME OF LATEST TRANSACTION
control field 20210318090147.0
008 - FIXED-LENGTH DATA ELEMENTS--GENERAL INFORMATION
fixed length control field 210318s2007 ck ao||gr|||| 00| 0 spa d
020 ## - INTERNATIONAL STANDARD BOOK NUMBER
International Standard Book Number 9789589029954
040 ## - CATALOGING SOURCE
Original cataloging agency CO-JMCR
Transcribing agency CO-JMCR
041 0# - LANGUAGE CODE
Language code of text/sound track or separate title spa
082 04 - DEWEY DECIMAL CLASSIFICATION NUMBER
Classification number 759.986 /
Item number H558d
Edition number 23
100 1# - MAIN ENTRY--PERSONAL NAME
Personal name Hernández, Manuel,
Relator term autor
9 (RLIN) 23426
245 13 - TITLE STATEMENT
Title La donación Manuel Hernández :
Remainder of title catálogo /
Statement of responsibility, etc. Manuel Hernández
260 ## - PUBLICATION, DISTRIBUTION, ETC.
Place of publication, distribution, etc. Bogotá :
Name of publisher, distributor, etc. Universidad de Bogotá Jorge Tadeo Lozano,
Date of publication, distribution, etc. 2007
300 ## - PHYSICAL DESCRIPTION
Extent 131 páginas :
Other physical details ilustraciones y fotografías a color ;
Dimensions 29 cm.
505 0# - FORMATTED CONTENTS NOTE
Formatted contents note Manuel Hernández o el rumor de la sordina -- Recorrido entre el cubismo y la abstracción -- El presentimiento de la figura humana -- El alfabeto -- La estructura de la forma -- El dibujo -- Variantes de un signo -- Los bocetos -- Cronología superpuesta
520 3# - SUMMARY, ETC.
Summary, etc. "Hice esta donación porque me interesa la búsqueda del entendimiento del arte" Hernández
600 14 - SUBJECT ADDED ENTRY--PERSONAL NAME
Personal name Hernández, Manuel,
Dates associated with a name 1928-
General subdivision Trabajos pictóricos
9 (RLIN) 36263
600 14 - SUBJECT ADDED ENTRY--PERSONAL NAME
Personal name Hernández, Manuel,
Dates associated with a name 1928-
General subdivision Donaciones de arte
9 (RLIN) 36264
650 14 - SUBJECT ADDED ENTRY--TOPICAL TERM
Topical term or geographic name entry element Pintura colombiana
9 (RLIN) 36265
650 24 - SUBJECT ADDED ENTRY--TOPICAL TERM
Topical term or geographic name entry element Pintores colombianos
9 (RLIN) 10838
942 ## - ADDED ENTRY ELEMENTS (KOHA)
Source of classification or shelving scheme Dewey Decimal Classification
Koha item type Books
Existencias
Withdrawn status Lost status Source of classification or shelving scheme Damaged status Not for loan Collection code Home library Current library Date acquired Source of acquisition Total Checkouts Full call number Barcode Date last seen Copy number Price effective from Koha item type
    Dewey Decimal Classification     Non-fiction Biblioteca Pública José María del Castillo y Rada Biblioteca Pública José María del Castillo y Rada 10/02/2020 Donación   759.986 / H558d 201810891 05/16/2024 Ej.1 03/18/2021 Books